Wahlkreise der Wallonie - Statistiken

Allgemein
  • Dieses Quiz wurde 8 mal gespielt
  • Das Durchschnittsergebnis liegt bei 3 aus 11
Antworten auf der Karte
Die Antworten werden auf der Karte rot bzw. grün angezeigt, abhängig davon wie oft sie richtig erraten wurden.
 
Antwortstatistiken
Antwort % Korrekt
Lüttich
100%
Namur
71%
Bergen
29%
Nivelles
29%
Arlon-Marche-en-Famenne-Bastenach-Neufchâteau-Wirten
14%
Charleroi-Thuin
14%
Dinant-Philippeville
14%
Huy-Waremme
14%
Soignies
14%
Tournai-Ath-Mouscron
14%
Velwisch
14%
Keine übereinstimmenden Quizze gefunden
Verteilung der Resultate
Anzahl Personen mit jedem Resultat
Perzentil nach korrekt beantworteten Fragen
Ihre Resultats-Entwicklung
Sie haben dieses Quiz noch nicht gespielt